Poslanci Parlamentu ČR - Statistics

General Stats
  • This quiz has been taken 18 times
  • The average score is 51 of 200
Answer Stats
Poslanci Strana/Hnutí % Correct
Adam Vojtěch ANO
100%
Alena Schillerová ANO
100%
Andrej Babiš ANO
100%
Boris Šťastný Motoristé
100%
Filip Turek Motoristé
100%
Gabriela Svárovská Piráti (Zelení)
100%
Hayato Okamura KDU-ČSL
100%
Ivan Bartoš Piráti
100%
Jindřich Rajchl SPD (PRO)
100%
Karel Dvořák STAN
100%
Karel Havlíček ANO
100%
Katerina Demetrashvili Piráti
100%
Libor Vondráček SPD (Svobodní)
100%
Lubomír Metnar ANO
100%
Lukáš Vlček STAN
100%
Marian Jurečka KDU-ČSL
100%
Markéta Šichtařová SPD
100%
Martin Kupka ODS
100%
Matěj Hlavatý STAN
100%
Olga Richterová Piráti
100%
Petr Fiala ODS
100%
Petr Macinka Motoristé
100%
Radek Vondráček ANO
100%
Radim Fiala SPD
100%
Renata Vesecká Motoristé
100%
Robert Plaga ANO
100%
Samuel Volpe Piráti
100%
Tomio Okamura SPD
100%
Tom Philipp KDU-ČSL
100%
Vít Rakušan STAN
100%
Vlastimil Válek TOP 09
100%
Zdeněk Hřib Piráti
100%
Barbora Urbanová STAN
50%
Benjamin Činčila KDU-ČSL
50%
Eva Decroix ODS
50%
František Talíř KDU-ČSL
50%
Helena Válková ANO
50%
Igor Červený Motoristé
50%
Jana Černochová ODS
50%
Jan Jakob TOP 09
50%
Jan Lipavský ODS
50%
Jan Papajanovský STAN
50%
Jan Skopeček ODS
50%
Jan Sviták STAN
50%
Jiří Pospíšil TOP 09
50%
Josef Flek STAN
50%
Josef Váňa ANO
50%
Julie Smejkalová STAN
50%
Kateřina Stojanová Piráti
50%
Marek Benda ODS
50%
Marek Výborný KDU-ČSL
50%
Marek Ženíšek TOP 09
50%
Martin Šmída Piráti
50%
Matěj Gregor Motoristé
50%
Matěj Ondřej Havel TOP 09
50%
MIchal Zuna TOP 09
50%
Oto Klempíř Motoristé
50%
Patrik Nacher ANO
50%
Pavel Žáček ODS
50%
Pavla Pivoňka Vaňková STAN
50%
Petr Hladík KDU-ČSL
50%
Renáta Zajíčková ODS
50%
Robert Králíček ANO
50%
Štěpán Slovák ODS
50%
Taťána Malá ANO
50%
Vendula Svobodová Piráti
50%
Věra Adámková ANO
50%
Vítezslav Schrek ODS
50%
Zdena Kašparová STAN
50%
Zuzana Majerová SPD (Trikolora)
50%
Adriana Chochelová STAN
0%
Aleš Juchelka ANO
0%
Andrea Hoffmannová Piráti
0%
Anežka Nedomová STAN
0%
Barbora Pipášová Piráti
0%
Barbora Rázga ANO
0%
Berenika Peštová ANO
0%
Bohuslav Niemiec KDU-ČSL
0%
David Kasal ANO
0%
David Pražák ANO
0%
David Štolpa ANO
0%
Denis Doksanský ANO
0%
Drahomír Blažej ANO
0%
Drahoslav Ryba ANO
0%
Eliška Olšáková STAN
0%
Ester Weimerová STAN
0%
Eva Fialová ANO
0%
Eva Šrámková Piráti
0%
František Bureš ANO
0%
František Petrtýl ANO
0%
Gabriela Sedláčková Motoristé
0%
Hana Ančíncová Piráti
0%
Helena Langšádová TOP 09
0%
Hubert Lang ANO
0%
Igor Hendrych ANO
0%
Irena Ferčíková Konečná Piráti (Zelení)
0%
Irena Němcová SPD
0%
Ivan Adamec ODS
0%
Ivana Mádlová ANO
0%
Jakub Janda ODS
0%
Jakub Krainer STAN
0%
Jana Bačíková ODS
0%
Jana Berkovcová ANO
0%
Jana Demjanová ANO
0%
Jana Filipovičová KDU-ČSL
0%
Jana Hanzlíková ANO
0%
Jana Krutáková STAN
0%
Jana Murová ANO
0%
Jana Pastuchová ANO
0%
Jana Patková Piráti
0%
Jan Bartošek KDU-ČSL
0%
Jan Bauer ODS
0%
Jan Berki STAN
0%
Jan Bureš ODS
0%
Jan Hrnčíř SPD
0%
Jan Richter ANO
0%
Jan Síla SPD
0%
Jaroslav Faltýnek ANO
0%
Jaroslav Foldyna SPD
0%
Jiří Barták Motoristé
0%
Jiří Bouška ANO
0%
Jiří Havránek ODS
0%
Jiří Horák KDU-ČSL
0%
Jiří Mašek ANO
0%
Jiřina Klčová ANO
0%
Jiří Penc ANO
0%
Jiří Strýček ANO
0%
Jiří Svoboda ANO
0%
Jiří Vojáček KDU-ČSL
0%
Jitka Volfová ANO
0%
Josef Kott ANO
0%
Kamal Farhan ANO
0%
Karel Beran Motoristé
0%
Karel Haas ODS
0%
Karel Tureček ANO
0%
Karin Gajdová ANO
0%
Ladislav Okleštěk ANO
0%
Lenka Dražilová ANO
0%
Lenka Martínková Španihelová Piráti
0%
Libor Hoppe ODS
0%
Libor Turek ODS
0%
Lubomír Wenzl ANO
0%
Lucie Bartošová ODS
0%
Lucie Šafránková SPD
0%
Lucie Sedmihradská STAN
0%
Marek Novák ANO
0%
Marie Kršková KDU-ČSL
0%
Marie Pošárová SPD
0%
Martin Baxa ODS
0%
Martin Kolovratník ANO
0%
Martin Kupec ANO
0%
Martin Záhoř ANO
0%
Michaela Moricová Piráti
0%
Michaela Opltová STAN
0%
Michaela Šebelová STAN
0%
Michal Kučera TOP 09
0%
Michal Ratiborský ANO
0%
Milan Brázdil ANO
0%
Miloslav Janulík ANO
0%
Miroslav Krejčí Motoristé
0%
Miroslav Samaš ANO
0%
Miroslav Ševčík SPD
0%
Miroslav Žbánek ANO
0%
Monika Brzsesková KDU-ČSL
0%
Monika Hubíková ANO
0%
Monika Oborná ANO
0%
Ondřej Babka ANO
0%
Otto Vopěnka ANO
0%
Patrik Pařil ANO
0%
Pavel Bartoň ANO
0%
Pavel Karpíšek ODS
0%
Pavel Outrata ANO
0%
Pavel Růžička ANO
0%
Petr Bendl ODS
0%
Petr Kowanda ANO
0%
Petr Sadovský ANO
0%
Petr Sokol ODS
0%
Petr Vrána ANO
0%
Radek Koten SPD
0%
Renata Oulehlová ANO
0%
Robert Stržínek ANO
0%
Róbert Teleky KDU-ČSL
0%
Roman Kubíček ANO
0%
Stanislav Fridrich ANO
0%
Tomáš Doležal SPD
0%
Tomáš Helebrant ANO
0%
Tomáš Kohoutek ANO
0%
Václav Pláteník KDU-ČSL
0%
Václav Trojan ANO
0%
Věra Kovářová STAN
0%
Veronika Kovářová Piráti
0%
Vladimír Kolek ANO
0%
Vladimír Pikora Motoristé
0%
Vlastimil Hebr ANO
0%
Vojtěch Krňanský Motoristé
0%
Vojtěch Munzar ODS
0%
Zdeňka Blišťanová TOP 09
0%
Zdeňka Zelenková Crkvenjaš ODS
0%
Zuzana Mrázová ANO
0%
Zuzana Ožánová ANO
0%
No matching quizzes found
Score Distribution
Percent of People with Each Score
Percentile by Number Answered
Your Score History
You have not taken this quiz